[Event "Sitges Sunway op 8th"]
[Site "Sitges"]
[Date "2021.12.19"]
[Round "6"]
[White "Cuhendi, Sean Winshand"]
[Black "Karthikeyan, Murali"]
[Result "1/2-1/2"]
[WhiteElo "2419"]
[BlackElo "2630"]
[PlyCount "90"]
[EventDate "2021.12.13"]
[EventType "swiss"]
[EventRounds "10"]
[EventCountry "ESP"]
[SourceTitle "CBM 205 Extra"]
[Source "ChessBase"]
[SourceDate "2022.01.31"]
[SourceVersion "1"]
[SourceVersionDate "2022.01.31"]
[SourceQuality "1"]

1. d4 Nf6 2. Bf4 g6 3. Nc3 d5 4. e3 Bg7 5. h4 h5 6. Nf3 0-0 7. Ne5 c5 8. Qd2 Bf5 9. f3 Nc6 10. Bb5 cxd4 11. exd4 Nxe5 12. dxe5 Nd7 13. Qxd5 Nb6 14. Qxd8 Rfxd8 15. 0-0 Rd4 16. Bg5 Kf8 17. Rfe1 Rb4 18. a4 Rxb2 19. a5 Nd7 20. Bxd7 Bxd7 21. Nd5 Re8 22. c4 Bc6 23. Rad1 Ra2 24. e6 Rxa5 25. exf7 Kxf7 26. Nc7 Re5 27. Nxe8 Kxe8 28. Kf2 a5 29. Rxe5 Bxe5 30. Be3 a4 31. Bd4 Bd6 32. c5 Bc7 33. Bc3 Kf7 34. Re1 e6 35. g4 Bd8 36. Kg3 Be7 37. Bd4 Bd5 38. Re3 Bb3 39. g5 Ke8 40. Rd3 Bc4 41. Rc3 Bd5 42. Kf4 Bd8 43. Re3 Bc7+ 44. Be5 Ba5 45. Bc3 Bc7+ 1/2-1/2

[Event "Zonal 3.3 Online"]
[Site "Tornelo INT"]
[Date "2021.05.07"]
[Round "7"]
[White "Concio, Michael Jr"]
[Black "Cuhendi, Sean Winshand"]
[Result "1/2-1/2"]
[WhiteElo "2297"]
[BlackElo "2419"]
[PlyCount "122"]
[EventDate "2021.05.01"]
[EventType "swiss"]
[EventRounds "9"]
[EventCountry "PHI"]
[SourceTitle "CBM 202 Extra"]
[Source "ChessBase"]
[SourceDate "2021.07.31"]
[SourceVersion "1"]
[SourceVersionDate "2021.07.31"]
[SourceQuality "1"]

1. g3 e5 2. Bg2 Nc6 3. c4 Bc5 4. Nc3 a6 5. e3 Nf6 6. Nge2 d6 7. 0-0 Ba7 8. h3 0-0 9. Kh2 Be6 10. Nd5 Bxd5 11. cxd5 Ne7 12. Qb3 Nd7 13. d4 Bb6 14. Bd2 Kh8 15. Rad1 Nf5 16. Qc2 Nh6 17. Bc3 f6 18. f4 Qe7 19. g4 Rae8 20. Ng3 exf4 21. exf4 Qd8 22. Be4 f5 23. Bxf5 Nxf5 24. Nxf5 Nf6 25. Qg2 Qd7 26. Rde1 Qb5 27. Ne3 Qd3 28. Rf3 Qb5 29. Rf2 Ne4 30. Rff1 Qd3 31. Qe2 Qxe2+ 32. Rxe2 Nxc3 33. bxc3 Ba5 34. c4 Bc3 35. Kg3 Bxd4 36. Kf3 g6 37. Ng2 Rxe2 38. Kxe2 Re8+ 39. Kd3 Bc5 40. f5 gxf5 41. Rxf5 Kg8 42. h4 b5 43. cxb5 axb5 44. Nf4 Re3+ 45. Kc2 Ra3 46. Ne6 Rxa2+ 47. Kb3 Rf2 48. Rxf2 Bxf2 49. h5 Be1 50. Nxc7 b4 51. Nb5 Kf7 52. Nxd6+ Kf6 53. Nf5 Ke5 54. Kc4 b3 55. Kxb3 Kxd5 56. g5 Ba5 57. g6 hxg6 58. Ne7+ Ke6 59. h6 Kf7 60. h7 Kg7 61. Nxg6 Kxh7 1/2-1/2

[Event "Zonal 3.3 Online"]
[Site "Tornelo INT"]
[Date "2021.05.06"]
[Round "6"]
[White "Cuhendi, Sean Winshand"]
[Black "Quizon, Daniel"]
[Result "1/2-1/2"]
[WhiteElo "2419"]
[BlackElo "2319"]
[PlyCount "80"]
[EventDate "2021.05.01"]
[EventType "swiss"]
[EventRounds "9"]
[EventCountry "PHI"]
[SourceTitle "CBM 202 Extra"]
[Source "ChessBase"]
[SourceDate "2021.07.31"]
[SourceVersion "1"]
[SourceVersionDate "2021.07.31"]
[SourceQuality "1"]

1. d4 Nf6 2. Bf4 g6 3. Nc3 d5 4. e3 Bg7 5. h4 h5 6. Nf3 0-0 7. Ne5 c5 8. Qd2 Nc6 9. dxc5 Qa5 10. Nxc6 bxc6 11. a3 Nd7 12. b4 Qd8 13. Rd1 e5 14. Bg3 a5 15. Be2 axb4 16. axb4 e4 17. 0-0 Qf6 18. Nxd5 cxd5 19. Qxd5 Ra3 20. Qxe4 Qc3 21. Bd6 Nf6 22. Qc6 Re8 23. Qb6 Nd7 24. Qc7 Qxb4 25. c6 Nc5 26. Rd5 Rc3 27. Bxc5 Rxc5 28. Rd8 Rxd8 29. Qxd8+ Bf8 30. Qxc8 Rxc2 31. Bd3 Rc3 32. Rb1 Qxh4 33. Qd7 Qf6 34. Be4 Bd6 35. Rd1 Bh2+ 36. Kxh2 Qh4+ 37. Kg1 Qxe4 38. c7 Qc4 39. Qe8+ Kg7 40. Qe5+ Kh7 1/2-1/2

[Event "Yogyakarta Japfa"]
[Site "Yogyakarta"]
[Date "2019.06.18"]
[Round "8"]
[White "Cuhendi, Sean Winshand"]
[Black "Taher, Yoseph Theolifus"]
[Result "1/2-1/2"]
[WhiteElo "2422"]
[BlackElo "2446"]
[PlyCount "60"]
[EventDate "2019.06.13"]
[EventType "tourn"]
[EventRounds "11"]
[EventCountry "INA"]
[EventCategory "9"]
[SourceTitle "CBM 191 Extra"]
[Source "ChessBase"]
[SourceDate "2019.09.30"]
[SourceVersion "1"]
[SourceVersionDate "2019.09.30"]
[SourceQuality "1"]

1. d4 d5 2. Bf4 Nf6 3. e3 c6 4. Nd2 Bg4 5. Be2 Bxe2 6. Qxe2 e6 7. Ngf3 Bd6 8. Bxd6 Qxd6 9. 0-0 0-0 10. Ne5 Nfd7 11. Ndf3 Nxe5 12. Nxe5 Nd7 13. Nxd7 Qxd7 14. c3 Rfe8 15. f4 f5 16. c4 Rac8 17. Rac1 g6 18. Rc3 Rc7 19. Rfc1 Rec8 20. Qc2 Kg7 21. g3 h5 22. h4 Kf7 23. Qe2 Qe7 24. Kf2 Ke8 25. Ke1 Kd8 26. Kf2 Qd7 27. Qc2 Qd6 28. Qa4 Ra8 29. Qa3 Qxa3 30. Rxa3 Kd7 1/2-1/2

[Event "Yogyakarta Japfa"]
[Site "Yogyakarta"]
[Date "2019.06.17"]
[Round "7"]
[White "Aulia, Medina Warda"]
[Black "Cuhendi, Sean Winshand"]
[Result "0-1"]
[WhiteElo "2375"]
[BlackElo "2422"]
[PlyCount "75"]
[EventDate "2019.06.13"]
[EventType "tourn"]
[EventRounds "11"]
[EventCountry "INA"]
[EventCategory "9"]
[SourceTitle "CBM 191 Extra"]
[Source "ChessBase"]
[SourceDate "2019.09.30"]
[SourceVersion "1"]
[SourceVersionDate "2019.09.30"]
[SourceQuality "1"]

1. e4 e5 2. Nf3 Nc6 3. Bc4 Be7 4. d3 Nf6 5. 0-0 0-0 6. Re1 d6 7. c3 Kh8 8. h3 Ng8 9. d4 f5 10. dxe5 fxe4 11. Rxe4 Rxf3 12. Bxg8 Rf8 13. Bb3 Bf5 14. Re2 Nxe5 15. Be3 Qe8 16. Nd2 Qg6 17. Kh2 Bd3 18. Re1 Bh4 19. g3 Rxf2+ 20. Bxf2 Rf8 21. Re2 Rxf2+ 22. Rxf2 Qxg3+ 23. Kh1 Qxf2 24. Qf1 Bxf1 25. Rxf1 Qxf1+ 26. Nxf1 Nd3 27. Bd5 c6 28. Be6 Nxb2 29. Bc8 b6 30. Bd7 Na4 31. Bxc6 Nxc3 32. a4 d5 33. Kg2 d4 34. Kf3 Bg5 35. Kf2 a6 36. Ke1 b5 37. axb5 axb5 38. Nd2 0-1

[Event "Yogyakarta Japfa"]
[Site "Yogyakarta"]
[Date "2019.06.17"]
[Round "6"]
[White "Cuhendi, Sean Winshand"]
[Black "Megaranto, Susanto"]
[Result "1/2-1/2"]
[WhiteElo "2422"]
[BlackElo "2548"]
[PlyCount "62"]
[EventDate "2019.06.13"]
[EventType "tourn"]
[EventRounds "11"]
[EventCountry "INA"]
[EventCategory "9"]
[SourceTitle "CBM 191 Extra"]
[Source "ChessBase"]
[SourceDate "2019.09.30"]
[SourceVersion "1"]
[SourceVersionDate "2019.09.30"]
[SourceQuality "1"]

1. d4 d5 2. Bf4 c6 3. Nd2 Nf6 4. e3 Bg4 5. Be2 Bxe2 6. Qxe2 e6 7. Ngf3 Bd6 8. Bxd6 Qxd6 9. 0-0 Nbd7 10. e4 dxe4 11. Nxe4 Nxe4 12. Qxe4 0-0 13. c3 Rfd8 14. Rfe1 Nf6 15. Qe5 Rac8 16. Qxd6 Rxd6 17. Kf1 c5 18. dxc5 Rxc5 19. Rad1 Rcd5 20. Rxd5 Rxd5 21. Re5 Kf8 22. Ke2 Ke7 23. c4 Rxe5+ 24. Nxe5 Ne8 25. b3 f6 26. Nd3 g5 27. Ke3 Kd6 28. Kd4 Ng7 29. Ke4 f5+ 30. Ke3 h6 31. f3 e5 1/2-1/2

[Event "Yogyakarta Japfa"]
[Site "Yogyakarta"]
[Date "2019.06.15"]
[Round "3"]
[White "Das, Arghyadip"]
[Black "Cuhendi, Sean Winshand"]
[Result "1/2-1/2"]
[WhiteElo "2439"]
[BlackElo "2422"]
[PlyCount "60"]
[EventDate "2019.06.13"]
[EventType "tourn"]
[EventRounds "11"]
[EventCountry "INA"]
[EventCategory "9"]
[SourceTitle "CBM 191 Extra"]
[Source "ChessBase"]
[SourceDate "2019.09.30"]
[SourceVersion "1"]
[SourceVersionDate "2019.09.30"]
[SourceQuality "1"]

1. d4 d5 2. Nf3 Nc6 3. g3 Bg4 4. Bg2 Bxf3 5. Bxf3 Nf6 6. Bg2 e5 7. c3 e4 8. f3 exf3 9. Bxf3 Qd7 10. Bg5 Ne4 11. Bxe4 dxe4 12. Nd2 h6 13. Be3 0-0-0 14. Qa4 a6 15. 0-0-0 Ne7 16. Qxd7+ Rxd7 17. Nxe4 Nd5 18. Bd2 Re7 19. Nf2 Rxe2 20. Nd3 Bd6 21. Rdf1 Nf6 22. Kd1 Re7 23. Nf2 Rhe8 24. Re1 c5 25. Rxe7 Rxe7 26. dxc5 Bxc5 27. Nd3 Bd6 28. Re1 Rxe1+ 29. Kxe1 Kd7 30. Ke2 Ng4 1/2-1/2

[Event "Asian Continental op 17th"]
[Site "Makati"]
[Date "2018.12.13"]
[Round "4"]
[White "Cuhendi, Sean Winshand"]
[Black "Ghaem Maghami, Ehsan"]
[Result "0-1"]
[WhiteElo "2429"]
[BlackElo "2537"]
[PlyCount "85"]
[EventDate "2018.12.10"]
[EventType "swiss"]
[EventRounds "9"]
[EventCountry "PHI"]
[SourceTitle "CBM 187 Extra"]
[Source "ChessBase"]
[SourceDate "2018.11.04"]
[SourceVersion "1"]
[SourceVersionDate "2018.11.04"]
[SourceQuality "1"]

1. Nf3 Nf6 2. g3 b5 3. Bg2 Bb7 4. 0-0 c5 5. d3 e6 6. e4 d6 7. a4 b4 8. b3 Be7 9. Bb2 0-0 10. Nbd2 Nc6 11. Qe2 Nd7 12. Nc4 Re8 13. Rae1 Rc8 14. Ba1 Ba6 15. Qd1 Bxc4 16. dxc4 Qc7 17. Qe2 Bf6 18. Bxf6 Nxf6 19. e5 dxe5 20. Nxe5 Nxe5 21. Qxe5 Qxe5 22. Rxe5 Red8 23. a5 Rd2 24. Bf3 Rxc2 25. Rd1 Kf8 26. Ra1 Rc3 27. Re3 Rxe3 28. fxe3 Rd8 29. a6 Rd3 30. Ra5 Rxe3 31. Kf2 Rxb3 32. Rxc5 Ra3 33. Rc8+ Ke7 34. Rc7+ Kd6 35. Rxa7 b3 36. Rb7 Rxa6 37. Rxb3 Ra2+ 38. Ke3 Nd7 39. h4 Nc5 40. Rb5 Ra3+ 41. Ke2 Rc3 42. Rb6+ Kd7 43. Rb4 0-1

[Event "Olympiad-43"]
[Site "Batumi"]
[Date "2018.09.28"]
[Round "5.15"]
[White "Christiansen, Johan Sebastian"]
[Black "Cuhendi, Sean Winshand"]
[Result "1/2-1/2"]
[WhiteElo "2525"]
[BlackElo "2441"]
[PlyCount "127"]
[EventDate "2018.09.24"]
[EventType "team-swiss"]
[EventRounds "11"]
[EventCountry "GEO"]
[SourceTitle "CBM 187"]
[Source "ChessBase"]
[SourceDate "2018.12.11"]
[SourceVersion "1"]
[SourceVersionDate "2018.12.11"]
[SourceQuality "1"]
[WhiteTeam "Norway"]
[BlackTeam "Indonesia"]
[WhiteTeamCountry "NOR"]
[BlackTeamCountry "INA"]

1. d4 Nf6 2. c4 d6 3. Nc3 g6 4. Nf3 Bg7 5. g3 Bg4 6. Bg2 0-0 7. 0-0 Qc8 8. Re1 Re8 9. Qb3 Nc6 10. Be3 Nd7 11. Rad1 Nb6 12. c5 dxc5 13. dxc5 Be6 14. Qc2 Nc4 15. Bc1 Bf5 16. Qb3 N4e5 17. Nxe5 Bxe5 18. Bh6 Bg7 19. Bxg7 Kxg7 20. Qa4 Bd7 21. Qh4 f6 22. Rd2 Ne5 23. Qb4 Bc6 24. Bxc6 Nxc6 25. Qe4 Qh3 26. Red1 Ne5 27. Nd5 Ng4 28. Qg2 Qxg2+ 29. Kxg2 Rac8 30. c6 bxc6 31. Nb4 Ne5 32. Na6 Kf7 33. b3 g5 34. Rd4 h5 35. h3 h4 36. f4 gxf4 37. gxf4 Ng6 38. e3 Rg8 39. Kf2 Nf8 40. f5 Rg5 41. Rxh4 Rxf5+ 42. Rf4 Ra5 43. Ra4 Rxa4 44. bxa4 Ne6 45. Rd7 c5 46. Ke2 c4 47. a3 Ke8 48. Rd1 c5 49. a5 Rd8 50. Rxd8+ Kxd8 51. h4 Kd7 52. h5 Kc6 53. h6 Ng5 54. Kd2 f5 55. Kc3 Kd5 56. Nc7+ Ke4 57. Kxc4 Kxe3 58. Nd5+ Ke4 59. Nxe7 f4 60. Nd5 f3 61. Nf6+ Kf5 62. Nd5 Ke4 63. Nf6+ Kf5 64. Nd5 1/2-1/2

[Event "Olympiad-43"]
[Site "Batumi"]
[Date "2018.09.26"]
[Round "3.64"]
[White "Cuhendi, Sean Winshand"]
[Black "Ble, Kouko Hubert"]
[Result "1-0"]
[WhiteElo "2441"]
[BlackElo "1829"]
[PlyCount "106"]
[EventDate "2018.09.24"]
[EventType "team-swiss"]
[EventRounds "11"]
[EventCountry "GEO"]
[SourceTitle "CBM 187"]
[Source "ChessBase"]
[SourceDate "2018.12.11"]
[SourceVersion "1"]
[SourceVersionDate "2018.12.11"]
[SourceQuality "1"]
[WhiteTeam "Indonesia"]
[BlackTeam "Ivory Coast"]
[WhiteTeamCountry "INA"]
[BlackTeamCountry "IVO"]

1. d4 Nf6 2. Bf4 e6 3. e3 d5 4. Nd2 Bd6 5. Bg3 c5 6. c3 Qc7 7. Ngf3 Nbd7 8. Bd3 0-0 9. 0-0 Re8 10. c4 e5 11. dxe5 Nxe5 12. Nxe5 Bxe5 13. cxd5 Nxd5 14. Qa4 Nf6 15. Ne4 Bd7 16. Nxf6+ Bxf6 17. Bxh7+ Kh8 18. Qd1 Qc8 19. Bc2 g6 20. Qf3 Kg7 21. Rab1 Bc6 22. Qe2 b5 23. Rfd1 Qb7 24. Qg4 Rad8 25. Rd6 Rxd6 26. Bxd6 c4 27. Bb4 Qc7 28. Bc3 Qe7 29. Rd1 Rd8 30. Bxf6+ Qxf6 31. Rxd8 Qxd8 32. Qd4+ Qf6 33. a3 a6 34. f3 Bb7 35. Kf2 Bc8 36. Be4 Be6 37. Bc6 Bc8 38. Ke2 Be6 39. Kd2 Bc8 40. Kc3 Qxd4+ 41. Kxd4 Kf6 42. h4 Ke7 43. g4 Kd6 44. Bd5 f6 45. h5 gxh5 46. gxh5 Bf5 47. h6 Bh7 48. Bb7 a5 49. e4 Kc7 50. Ba6 f5 51. Bxb5 fxe4 52. fxe4 Kd6 53. Bxc4 Kc6 1-0

[Event "Surakarta Japfa"]
[Site "Surakarta"]
[Date "2018.04.29"]
[Round "7"]
[White "Cuhendi, Sean Winshand"]
[Black "Megaranto, Susanto"]
[Result "1/2-1/2"]
[WhiteElo "2439"]
[BlackElo "2528"]
[PlyCount "46"]
[EventDate "2018.04.25"]
[EventType "tourn"]
[EventRounds "11"]
[EventCountry "INA"]
[EventCategory "10"]
[SourceTitle "CBM 184 Extra"]
[Source "ChessBase"]
[SourceDate "2018.06.28"]
[SourceVersion "1"]
[SourceVersionDate "2018.06.28"]
[SourceQuality "1"]

1. e4 d6 2. d4 Nf6 3. Nc3 g6 4. f4 Bg7 5. Bd3 0-0 6. Nf3 Na6 7. 0-0 c5 8. d5 Bg4 9. h3 Bxf3 10. Qxf3 Nb4 11. a3 Nxd3 12. Qxd3 Nd7 13. Be3 a6 14. a4 Qa5 15. Bd2 Qb4 16. a5 c4 17. Qe3 Qxb2 18. Ra2 Qb4 19. Ra4 Qb2 20. Ra2 Qb4 21. Ra4 Qb2 22. Ra2 Qb4 23. Ra4 Qb2 1/2-1/2

[Event "Surakarta Japfa"]
[Site "Surakarta"]
[Date "2018.04.28"]
[Round "6"]
[White "Ali, Muhammad Lutfi"]
[Black "Cuhendi, Sean Winshand"]
[Result "1/2-1/2"]
[WhiteElo "2413"]
[BlackElo "2439"]
[PlyCount "64"]
[EventDate "2018.04.25"]
[EventType "tourn"]
[EventRounds "11"]
[EventCountry "INA"]
[EventCategory "10"]
[SourceTitle "CBM 184 Extra"]
[Source "ChessBase"]
[SourceDate "2018.06.28"]
[SourceVersion "1"]
[SourceVersionDate "2018.06.28"]
[SourceQuality "1"]

1. e4 d5 2. exd5 Nf6 3. d4 Nxd5 4. c4 Nb6 5. Nf3 Bg4 6. c5 Nd5 7. Qb3 Nc6 8. Qxb7 Ndb4 9. Bb5 Bd7 10. Bxc6 Nxc6 11. Bf4 g5 12. Bxc7 Qc8 13. Qxc8+ Rxc8 14. Bg3 Bg7 15. Nc3 Nxd4 16. Nxd4 Bxd4 17. h4 Rxc5 18. hxg5 Rxc3 19. bxc3 Bxc3+ 20. Ke2 Bb5+ 21. Ke3 Bxa1 22. a4 Bxa4 23. Rxa1 Bc6 24. Rxa7 Rg8 25. Bf4 Bxg2 26. f3 Rg6 27. Ra8+ Kd7 28. Ra7+ Ke6 29. Ra6+ Kd5 30. Rxg6 hxg6 31. Bb8 e5 32. f4 exf4+ 1/2-1/2

[Event "Surakarta Japfa"]
[Site "Surakarta"]
[Date "2018.04.27"]
[Round "5"]
[White "Cuhendi, Sean Winshand"]
[Black "Taher, Yoseph Theolifus"]
[Result "1/2-1/2"]
[WhiteElo "2439"]
[BlackElo "2375"]
[PlyCount "77"]
[EventDate "2018.04.25"]
[EventType "tourn"]
[EventRounds "11"]
[EventCountry "INA"]
[EventCategory "10"]
[SourceTitle "CBM 184 Extra"]
[Source "ChessBase"]
[SourceDate "2018.06.28"]
[SourceVersion "1"]
[SourceVersionDate "2018.06.28"]
[SourceQuality "1"]

1. e4 e5 2. Nf3 Nf6 3. Nxe5 d6 4. Nf3 Nxe4 5. Nc3 Nf6 6. d4 Be7 7. Bd3 0-0 8. h3 c5 9. 0-0 Nc6 10. a3 a6 11. d5 Nb8 12. a4 Nbd7 13. Re1 Re8 14. Bf4 b6 15. Nd2 Bb7 16. Nc4 Nf8 17. Bg3 Ng6 18. Bf5 Bf8 19. Rxe8 Nxe8 20. Qd3 b5 21. axb5 axb5 22. Rxa8 Qxa8 23. Nxb5 Bxd5 24. Ne3 Qa1+ 25. Kh2 Be6 26. Bxe6 fxe6 27. Qe4 e5 28. Qd5+ Kh8 29. Qc6 Nf6 30. Nxd6 Bxd6 31. Qxd6 Qxb2 32. Qd8+ Ng8 33. Nc4 Qxc2 34. Nd6 h6 35. Qd7 Nf6 36. Qe6 Kh7 37. Nc4 Nh5 38. Ne3 Qe4 39. Qg4 1/2-1/2

[Event "Surakarta Japfa"]
[Site "Surakarta"]
[Date "2018.04.26"]
[Round "3"]
[White "Cuhendi, Sean Winshand"]
[Black "Demchenko, Anton"]
[Result "0-1"]
[WhiteElo "2439"]
[BlackElo "2679"]
[PlyCount "70"]
[EventDate "2018.04.25"]
[EventType "tourn"]
[EventRounds "11"]
[EventCountry "INA"]
[EventCategory "10"]
[SourceTitle "CBM 184 Extra"]
[Source "ChessBase"]
[SourceDate "2018.06.28"]
[SourceVersion "1"]
[SourceVersionDate "2018.06.28"]
[SourceQuality "1"]

1. b3 Nf6 2. Bb2 g6 3. Bxf6 exf6 4. c4 d5 5. cxd5 Qxd5 6. Nc3 Qd8 7. g3 c6 8. Bg2 Ba3 9. Nf3 Bf5 10. e4 Bg4 11. 0-0 Nd7 12. Rb1 Ne5 13. b4 Bxf3 14. Bxf3 Qd6 15. Bg2 Bxb4 16. Nd5 a5 17. d4 cxd5 18. dxe5 fxe5 19. Qa4+ Kf8 20. f4 Kg7 21. fxe5 Qxe5 22. Qd7 Rhf8 23. exd5 b6 24. Kh1 Rab8 25. Rbc1 Bc5 26. Rce1 Qd6 27. Qb5 Rfe8 28. a4 Rec8 29. Re2 Rc7 30. Qd3 Re7 31. Rfe1 Rxe2 32. Rxe2 Rd8 33. Qf3 Qd7 34. Qf4 Re8 35. Rxe8 Qxe8 0-1

[Event "Novi Sad Vujovic Memorial"]
[Site "Novi Sad"]
[Date "2017.11.18"]
[Round "9"]
[White "Rajdeep, Sarkar"]
[Black "Cuhendi, Sean Winshand"]
[Result "1/2-1/2"]
[WhiteElo "2344"]
[BlackElo "2404"]
[PlyCount "25"]
[EventDate "2017.11.13"]
[EventType "tourn"]
[EventRounds "9"]
[EventCountry "SRB"]
[EventCategory "7"]
[SourceTitle "CBM 181 Extra"]
[Source "ChessBase"]
[SourceDate "2017.12.12"]
[SourceVersion "1"]
[SourceVersionDate "2017.12.12"]
[SourceQuality "1"]

1. Nf3 d5 2. g3 Nc6 3. d4 Bg4 4. Bg2 Bxf3 5. Bxf3 Nf6 6. c3 e5 7. dxe5 Nxe5 8. Bg2 c6 9. Bf4 Ng6 10. Bg5 Bc5 11. 0-0 h6 12. Bxf6 Qxf6 13. Nd2 1/2-1/2

[Event "Novi Sad Vujovic Memorial"]
[Site "Novi Sad"]
[Date "2017.11.16"]
[Round "5"]
[White "Cuhendi, Sean Winshand"]
[Black "Drazic, Sinisa"]
[Result "1/2-1/2"]
[WhiteElo "2404"]
[BlackElo "2453"]
[PlyCount "24"]
[EventDate "2017.11.13"]
[EventType "tourn"]
[EventRounds "9"]
[EventCountry "SRB"]
[EventCategory "7"]
[SourceTitle "CBM 181 Extra"]
[Source "ChessBase"]
[SourceDate "2017.12.12"]
[SourceVersion "1"]
[SourceVersionDate "2017.12.12"]
[SourceQuality "1"]

1. d4 e6 2. Bf4 Bd6 3. Bxd6 cxd6 4. Nc3 d5 5. Nf3 Nf6 6. e3 b6 7. Bb5 0-0 8. 0-0 Ba6 9. a4 Qc7 10. Qe2 Bb7 11. Bd3 Nc6 12. Nd2 Nb4 1/2-1/2

[Event "Budapest FS08 GM"]
[Site "Budapest"]
[Date "2017.08.14"]
[Round "8"]
[White "Ivanov, Mikhail M"]
[Black "Cuhendi, Sean Winshand"]
[Result "1-0"]
[WhiteElo "2391"]
[BlackElo "2417"]
[PlyCount "105"]
[EventDate "2017.08.05"]
[EventType "tourn"]
[EventRounds "9"]
[EventCountry "HUN"]
[EventCategory "6"]
[SourceTitle "CBM 180 Extra"]
[Source "ChessBase"]
[SourceDate "2017.10.06"]
[SourceVersion "1"]
[SourceVersionDate "2017.10.06"]
[SourceQuality "1"]

1. d4 d5 2. c4 Nc6 3. Nc3 Nf6 4. cxd5 Nxd5 5. Nf3 Bf5 6. a3 e6 7. e3 Be7 8. Bb5 0-0 9. Bd2 Nxc3 10. Bxc3 Qd5 11. Qe2 a6 12. Bc4 Qe4 13. Rd1 Qg4 14. d5 exd5 15. Bxd5 Qg6 16. e4 Bg4 17. h3 Be6 18. h4 Bxd5 19. exd5 Bf6 20. 0-0 Rfe8 21. Qd3 Qxd3 22. Rxd3 Ne5 23. Bxe5 Bxe5 24. Nxe5 Rxe5 25. Rc1 Re7 26. Rdc3 Rd8 27. Rxc7 Kf8 28. Rc8 Red7 29. Rxd8+ Rxd8 30. Rc7 b5 31. Rc5 Ke7 32. b4 Kd6 33. Rc6+ Kxd5 34. Rxa6 Rd7 35. g3 h5 36. Kg2 Ke4 37. Rb6 Rd5 38. Rb7 Rf5 39. f4 Ke3 40. g4 hxg4 41. Kg3 Kd4 42. Kxg4 g6 43. Rd7+ Kc3 44. Rc7+ Kb3 45. Ra7 Rd5 46. f5 Re5 47. fxg6 fxg6 48. Rc7 Rf5 49. Rc5 Rf1 50. Rxb5 Kxa3 51. Rg5 Kxb4 52. Rxg6 Kc5 53. Re6 1-0

[Event "Budapest FS08 GM"]
[Site "Budapest"]
[Date "2017.08.12"]
[Round "7"]
[White "Nguyen, Thai Dai Van"]
[Black "Cuhendi, Sean Winshand"]
[Result "1-0"]
[WhiteElo "2479"]
[BlackElo "2417"]
[PlyCount "59"]
[EventDate "2017.08.05"]
[EventType "tourn"]
[EventRounds "9"]
[EventCountry "HUN"]
[EventCategory "6"]
[SourceTitle "CBM 180 Extra"]
[Source "ChessBase"]
[SourceDate "2017.10.06"]
[SourceVersion "1"]
[SourceVersionDate "2017.10.06"]
[SourceQuality "1"]

1. d4 Nf6 2. c4 d6 3. Nf3 g6 4. g3 Bg7 5. Bg2 0-0 6. Nc3 Nbd7 7. 0-0 e5 8. e4 exd4 9. Nxd4 Re8 10. h3 a6 11. Be3 Rb8 12. b3 Ne5 13. a4 Nfd7 14. Qc2 Nc5 15. Rad1 Bd7 16. f4 Nc6 17. Nxc6 bxc6 18. Bxc5 dxc5 19. e5 Qc8 20. g4 h5 21. gxh5 Bxh3 22. hxg6 Bxg2 23. gxf7+ Kxf7 24. Qxg2 Rg8 25. Ne4 Rxb3 26. Ng5+ Ke7 27. f5 Bf6 28. exf6+ Kxf6 29. Nh7+ Kf7 30. Rd7+ 1-0